| 000 | 00429nam a2200145Ia 4500 | ||
|---|---|---|---|
| 008 | 231217s9999 xx 000 0 und d | ||
| 041 | _aEnglish | ||
| 082 | _a001.6404 MS | ||
| 100 | _aMicrosoft Corporation | ||
| 245 | 0 | _aMicrosoft C optimizing compiler for MS OS/2 and MS-DOS operating systems vers.. | |
| 260 |
_c1987 _bMicrosoft corporation |
||
| 300 | _aiii+ | ||
| 650 | _aMicrosoft C version 2.3 MS OS/2 | ||
| 942 | _cAA | ||
| 999 |
_c165833 _d165833 |
||